Normal view MARC view

Entry Corporate Name

Number of records used in: 1

001 - CONTROL NUMBER

  • control field: 14289

003 - CONTROL NUMBER IDENTIFIER

  • control field: OSt

005 - DATE AND TIME OF LATEST TRANSACTION

  • control field: 20210531095644.0

008 - FIXED-LENGTH DATA ELEMENTS

  • fixed length control field: 210531|| aca||aabn | a|a d

040 ## - CATALOGING SOURCE

  • Original cataloging agency: OSt
  • Transcribing agency: OSt

110 ## - HEADING--CORPORATE NAME

  • Corporate name or jurisdiction name as entry element: British Mycological Society.
  • Subordinate unit: Symposium
  • Date of meeting or treaty signing: (2000 :
  • Location of meeting: University of Liverpool)

670 ## - SOURCE DATA FOUND

  • Source citation: Work cat.: (OSt)0: British Mycological Society. Symposium (2000 : University of Liverpool), Tropical mycology /, 2002.